Представление документа в формате MARC21

Поле Инд. ПП Название Значение
Тип записи a
Библиографический уровень b
001 Контрольный номер 95ab7e56db684ef1a9c83fa819db54d8
005 Дата корректировки 20250716183629.7
040 a Служба первич. каталог. РИНЦ
b Код языка каталог. rus
041 0_ a Код языка текста rus
097 a Василенко М.А.
100 1_ a Автор Абдрахимов М. З.
c Титул (звания) ; кандидат геолого-минералогических наук; доцент (должность);
i Z2021_04
j Принадлежность неизвестного автора к последователям, ученикам, сторонникам, школе и т. д. государственный университет "Дубна"
k Кафедра общейи прикладной геофизики; Факультет естественных и инженерных наук
q Полное имя Абдрахимов Мансур Забихович
u Дополнение Абдрахимов М. З.
100 1_ a Автор Кузнецов Ю. И.
c Титул (звания) профессор (ученое звание); доктор геолого-минералогических наук; профессор (должность);
i 000091202
k Кафедра общей и прикладной геофизики; Факультет естественных и инженерных наук
q Полное имя Кузнецов Юрий Иванович
u Дополнение Кузнецов Ю. И.
100 1_ a Автор Скворцова З. Н.
245 10 a Заглавие Роль физикохимических процессов в развитии глубинных зон разуплотнения, вскрытых сверхглубокими скважинами
513 a передано и. о. проректора по научной работе и инновациям
b 16.07.2025
773 18 t Название источника Каротажник
b Сведения об издании Международная Ассоциация научно-технического и делового сотрудничества по геофизическим исследованиям и работам в скважинах
c Тверь
d Место и дата издания 2025
m Специф. данные журнал из перечня ВАК; ненулевой импакт-фактор
q ВАК 2023
o Прочие индексы РИНЦ 0,200
x ISSN 1810-5599
g Прочая информация № 1 (133). - С. 58 - 81
w Контрольный № источника 844878a1c7394801bdcf5239c8949b1a
856 40 u URL https://www.elibrary.ru/item.asp?id=80424258
901 t Тип документа b
952 c Вид литературы статья в журнале